000
00257nam a2200109 a 4500
005
20200930074346.0
008
111101s2001 000 spa d
020
_a
8484500152
245
0
_a
Hija de la fortuna.
260
_a
EspaƱa,
_c
2001.
999
_c
34951
_d
34951
040
_a
DO-SdBNP